[Event "Civil Service Major op"]
[Site "London"]
[Date "2005.11.06"]
[Round "5"]
[White "Fleischer, Jeff H"]
[Black "Jain, Akash"]
[Result "1/2-1/2"]
[WhiteElo "1616"]
[BlackElo "1520"]
[PlyCount "30"]
[EventDate "2005.11.05"]
[EventType "swiss"]
[EventRounds "5"]
[EventCountry "ENG"]
[SourceTitle "EXT 2007"]
[Source "ChessBase"]
[SourceDate "2006.11.23"]
[SourceVersion "1"]
[SourceVersionDate "2006.11.23"]
[SourceQuality "1"]

1. d4 Nf6 2. c4 c5 3. Nf3 cxd4 4. Nxd4 d6 5. Nc3 g6 6. e4 Bg7 7. Be2 0-0 8. Be3 Nc6 9. f3 Qb6 10. Nxc6 Qxc6 11. 0-0 Nd7 12. Nd5 Re8 13. Qd2 Nc5 14. Rac1 Bd7 15. b3 a6 1/2-1/2

[Event "Civil Service Major op"]
[Site "London"]
[Date "2005.11.05"]
[Round "3"]
[White "Mutale, Michael"]
[Black "Fleischer, Jeff H"]
[Result "0-1"]
[WhiteElo "1400"]
[BlackElo "1616"]
[PlyCount "47"]
[EventDate "2005.11.05"]
[EventType "swiss"]
[EventRounds "5"]
[EventCountry "ENG"]
[SourceTitle "EXT 2007"]
[Source "ChessBase"]
[SourceDate "2006.11.23"]
[SourceVersion "1"]
[SourceVersionDate "2006.11.23"]
[SourceQuality "1"]

1. e4 e6 2. d4 d5 3. Nc3 dxe4 4. Nxe4 Bd7 5. Nf3 Bc6 6. Bd3 Be7 7. Be3 Bxe4 8. Bxe4 c6 9. 0-0 Nf6 10. Bd3 0-0 11. a3 Nbd7 12. Re1 Qc7 13. c3 Rad8 14. Qc2 h6 15. Re2 Bd6 16. Rae1 Ng4 17. Bc1 Nxh2 18. Nxh2 Bxh2+ 19. Kh1 Bd6 20. Re3 Nf6 21. Rh3 Bf4 22. g3 Bxc1 23. Qxc1 Qd6 24. Kg2 0-1